US Overseas Territories - Statistics

General Stats
  • This quiz has been taken 188 times
  • The average score is 7 of 16
Answer Stats
Hint Answer % Correct
This Island is considered the world's oldest Colony Puerto Rico
90%
This Island was taken during WWII Guam
88%
These Islands were purchased from Denmark during WWI US Virgin Islands
79%
This was one of the only places that didn't record any Influenza cases during the Influenza Pandemic American Samoa
74%
These Islands were taken during WWII as well Northern Mariana Islands
74%
This Island was a Japanese target during WWII and was a part of an Infamous battle that potentially changed the tide of the Pacific war Midway Atoll
42%
This was occupied by Japan, then taken back by the US during WWII Wake Island
40%
This Island was formerly known as New Nantucket Baker Island
37%
This is the Island Amelia Earhart was flying to from New Guinea when she Disappeared Howland Island
36%
This Island was mined for Guano in the 1800s Jarvis Island
35%
This was annexed by the Kingdom of Hawaii and was annexed by the US as a part of Hawaii Palmyra Atoll
28%
This Island was also used for Guano Mining in the past Navassa Island
26%
This Island has been largely submerged Kingman Reef
25%
Colombia, Jamaica, Nicaragua, Honduras and the US itself all lay claim to these Islands Bajo Nuevo Bank
19%
The Countries above also lay claim to these Islands Serranilla Bank
19%
This Atoll was used for High Altitude Nuclear Testing Johnson Atoll
18%
No matching quizzes found
Score Distribution
Percent of People with Each Score
Percentile by Number Answered
Your Score History
You have not taken this quiz